Statistics for British Prime Ministers' First Names

Click here to take the quiz!

General Stats

  • This quiz has been taken 1,260 times
    (633 since last reset)
  • The average score is 23 of 33

Answer Stats

surnameanswer% Correct
BlairTony
98%
ChurchillWinston
98%
CameronDavid
95%
ThatcherMargaret
95%
MajorJohn
94%
MayTheresa
94%
BrownGordon
91%
AttleeClement
90%
EdenAnthony
89%
DisraeliBenjamin
89%
HeathEdward
87%
ChamberlainNeville
87%
JohnsonBoris
86%
CallaghanJames
86%
Lloyd GeorgeDavid
84%
WilsonHarold
84%
Douglas-HomeAlec
78%
MacmillanHarold
78%
GladstoneWilliam
76%
BaldwinStanley
75%
PeelRobert
74%
MacDonaldRamsay
64%
AsquithHerbert
62%
LawAndrew Bonar
57%
BalfourArthur
53%
Campbell-BannermanHenry
42%
RussellJohn
37%
Gascoyne-Cecil
Marquess of Salisbury
Robert
26%
Lamb
Viscount Melbourne
William
23%
Primrose
Earl of Rosebery
Archibald
16%
Hamilton-Gordon
Earl of Aberdeen
George
16%
Temple
Viscount Palmerston
Henry
14%
Smith-Stanley
Earl of Derby
Edward
12%

Score Distribution

Percentile by Number Answered

Percent of People with Each Score

Your Score History

You have not taken this quiz since the last reset